| 000 | 00454nam a2200157 i 4500 | ||
|---|---|---|---|
| 001 | 149553 | ||
| 003 | ES-MaACL | ||
| 007 | t| | ||
| 008 | 071023s1975 sp ||||1| spa d | ||
| 100 | 1 |
_aVázquez-Figueroa, Alberto. _9113442 |
|
| 245 | 1 | 1 |
_a¿Quíen mató al embajador? / _cpor Alberto Vázquez-Figueroa. |
| 250 | _a[2ª ed.]. | ||
| 260 |
_aBarcelona : _bPlaza Janés, _c[1975] |
||
| 300 |
_a235 p. ; _c20 cm. |
||
| 852 |
_aES-MaACL _jE-7781 _bR.92009 |
||
| 999 |
_c149553 _d149553 |
||